000 00230nam a2200097Ia 4500
008 170619s9999 xx 000 0 und d
100 _aSingh V P
245 2 _aA T B of Kinetics of machines
260 _bDhanpat Rai Pub.
260 _c2002
546 _aENGLISH
999 _c16638
_d16638